Impulzy pre politiku vzdelávania smerom k znalostnej spoločnosti

Znalostná spoločnosť a jej charakteristiky. Základné charakteristiky znalostného pracovníka, návrh jeho kompetenčného modelu so zameraním na osobné, individuálne, sociálne a spoločenské kompetencie, jeho verifikácia a návrh na zlepšenie edukačných štandardov.

Uložené v:
Podrobná bibliografia
Hlavný autor: Antalová, Mária, 1952-
Ďalší autori: Chinoracká, Andrea
Médium: Kapitola
Jazyk:Slovak
Predmet:
Tagy: Pridať tag
Žiadne tagy, Buďte prvý, kto otaguje tento záznam!

MARC

LEADER 00000naa a2200000 4500
001 0197056
005 20240502083501.1
041 0 |a slo 
044 |a CZ 
245 1 0 |a Impulzy pre politiku vzdelávania smerom k znalostnej spoločnosti  |c Mária Antalová, Andrea Chinoracká 
520 |a Znalostná spoločnosť a jej charakteristiky. Základné charakteristiky znalostného pracovníka, návrh jeho kompetenčného modelu so zameraním na osobné, individuálne, sociálne a spoločenské kompetencie, jeho verifikácia a návrh na zlepšenie edukačných štandardov. 
610 2 0 |a spoločnosť vedomostná 
610 2 0 |a vedomosti 
610 2 0 |a pracovníci 
610 2 0 |a kompetencie 
610 2 0 |a modely kompetenčné 
610 2 0 |a politika vzdelávania 
100 1 |a Antalová, Mária, 1952- 
700 1 |a Chinoracká, Andrea